Level of implementation of Municipal Ordinance No. 95-05 and the level of participation of the tricycle drivers and operators/ (Record no. 2028)
[ view plain ]
| 000 -LEADER | |
|---|---|
| fixed length control field | 00590nam a22001457a 4500 |
| 008 - FIXED-LENGTH DATA ELEMENTS--GENERAL INFORMATION | |
| fixed length control field | 160427b xxu||||| |||| 00| 0 eng d |
| 082 ## - DEWEY DECIMAL CLASSIFICATION NUMBER | |
| Edition number | 2010 |
| Classification number | UT 0240 |
| Item number | M32 |
| 100 ## - MAIN ENTRY--PERSONAL NAME | |
| 9 (RLIN) | 6540 |
| Personal name | Mapa, Dominador C. |
| Numeration | Jr. |
| 245 ## - TITLE STATEMENT | |
| Title | Level of implementation of Municipal Ordinance No. 95-05 and the level of participation of the tricycle drivers and operators/ |
| Statement of responsibility, etc. | Dominador C. Mapa Jr., Sydney p. Barsalote and Angelly D. Pantajo. |
| 260 ## - PUBLICATION, DISTRIBUTION, ETC. (IMPRINT) | |
| Place of publication, distribution, etc. | Digos City: |
| Name of publisher, distributor, etc. | UMDC |
| Date of publication, distribution, etc. | October 2010. |
| 300 ## - PHYSICAL DESCRIPTION | |
| Extent | 55 pages; |
| Dimensions | 28 cm. |
| 700 ## - ADDED ENTRY--PERSONAL NAME | |
| 9 (RLIN) | 6538 |
| Personal name | Barsalote, Sydney P. |
| 700 ## - ADDED ENTRY--PERSONAL NAME | |
| 9 (RLIN) | 6539 |
| Personal name | Pantajo, Angelly D. |
| 942 ## - ADDED ENTRY ELEMENTS (KOHA) | |
| Source of classification or shelving scheme | Dewey Decimal Classification |
| Koha item type | Undergraduate Thesis |
| Withdrawn status | Lost status | Source of classification or shelving scheme | Damaged status | Not for loan | Collection code | Home library | Current library | Date acquired | Total Checkouts | Full call number | Barcode | Date last seen | Price effective from | Koha item type |
|---|---|---|---|---|---|---|---|---|---|---|---|---|---|---|
| Dewey Decimal Classification | Undergraduate Theses | UM Digos College - LIC | UM Digos College - LIC | 04/27/2016 | UT 0240 M32 2010 | 0240 | 04/27/2016 | 04/27/2016 | Undergraduate Thesis |
